Normal view MARC view
  • Tithe Commission

Entry Corporate Name

Number of records used in: 3

001 - CONTROL NUMBER

  • control field: 4696

003 - CONTROL NUMBER IDENTIFIER

  • control field: SIRSI

005 - DATE AND TIME OF LATEST TRANSACTION

  • control field: 20190806150236.0

008 - FIXED-LENGTH DATA ELEMENTS

  • fixed length control field: 050421n| aaannaabn |n ana d

040 ## - CATALOGING SOURCE

  • Original cataloging agency: OSt
  • Transcribing agency: OSt

110 ## - HEADING--CORPORATE NAME

  • Corporate name or jurisdiction name as entry element: Tithe Commission

670 ## - SOURCE DATA FOUND

  • Source citation: Index to digest of acts relating to the communtation of tithes from 1757 to 1835, 1836